Statistics for JetPunk Family Feud - Christmas Edition

Click here to take the quiz!

General Stats

  • This quiz has been taken 114 times
  • The average score is 10 of 25

Answer Stats

Answer% Correct
Cookies
96%
Milk
94%
Rudolph
85%
Turkey
76%
Blitzen
63%
Dancer
63%
Dasher
63%
Donner
59%
Ham
46%
Carrot
44%
Australia
33%
Argentina
32%
Chile
31%
Socks
28%
South Africa
28%
Clothes
27%
Fruitcake
22%
Money
17%
Video Games
17%
Gingerbread
16%
Chocolate
15%
Books
11%
Ecuador
5%
Whiskey
4%
Duck
1%

Score Distribution

Percentile by Number Answered

Percent of People with Each Score

Your Score History

You have not taken this quiz